Central Library OPAC University of Rajshahi

Statistical Abstract of the United States, 1959 / (Record no. 36488)

MARC details
000 -LEADER
fixed length control field 01495nam a22003611i 4500
001 - CONTROL NUMBER
control field 36488
003 - CONTROL NUMBER IDENTIFIER
rucl marc code BD-RjUL
005 - DATE AND TIME OF LATEST TRANSACTION
control field 20211209052508.0
008 - FIXED-LENGTH DATA ELEMENTS--GENERAL INFORMATION
fixed length control field 140624s1959 dcu s f000 0 eng d
035 ## - SYSTEM CONTROL NUMBER
System control number BD-RjUL)36588
040 ## - CATALOGING SOURCE
Original cataloging agency Readex
Transcribing agency Readex
Language of cataloging eng
Modifying agency BD-RjUL
041 ## - LANGUAGE CODE
Language code of text/sound track or separate title eng
082 ## - DEWEY DECIMAL CLASSIFICATION NUMBER
Author mark and year STA 1959
Classification number 310.033816
110 1# - MAIN ENTRY--CORPORATE NAME
Corporate name or jurisdiction name as entry element United States.
Subordinate unit Congress.
-- House.
9 (RLIN) 111108
245 10 - TITLE STATEMENT
Title Statistical Abstract of the United States, 1959 /
250 ## - EDITION STATEMENT
Edition statement 80th annual edition.
260 ## - PUBLICATION, DISTRIBUTION, ETC. (IMPRINT)
Place of publication, distribution, etc. Washington, DC :
Date of publication, distribution, etc. 1959.
300 ## - PHYSICAL DESCRIPTION
Pagination 1054 p. :
Illustrations ill. ;
Size 21 cm.
490 1# - SERIES STATEMENT
Series statement House document / 86th Congress, 1st session. House ;
Volume/sequential designation no. 79
500 ## - GENERAL NOTE
General note Table of contents, p. VII.
General note Appendices, p. 954.
General note Index, p. 1001.
540 ## - TERMS GOVERNING USE AND REPRODUCTION NOTE
Terms governing use and reproduction Copyright 2008 by NewsBank, Inc. All rights reserved.
650 07 - SUBJECT ADDED ENTRY--TOPICAL TERM
Topical term or geographic name as entry element Agricultural production.
Source of heading or term Readex congressional thesaurus
9 (RLIN) 111079
710 1# - ADDED ENTRY--CORPORATE NAME
Corporate name or jurisdiction name as entry element United States.
Subordinate unit Dept. of Commerce.
-- Bureau of the Census (1913-1972)
9 (RLIN) 111083
830 #0 - SERIES ADDED ENTRY--UNIFORM TITLE
Volume number/sequential designation 86th Congress, no. 79
830 #0 - SERIES ADDED ENTRY--UNIFORM TITLE
Uniform title House document (United States. Congress. House) ;
856 40 - ELECTRONIC LOCATION AND ACCESS
Uniform Resource Identifier <a href="http://www.columbia.edu/cgi-bin/cul/resolve?clio7321852">http://www.columbia.edu/cgi-bin/cul/resolve?clio7321852</a>
Public note Click here for full text.
942 ## - ADDED ENTRY ELEMENTS (KOHA)
Source of classification or shelving scheme Dewey Decimal Classification
Koha item type Books
Holdings
Lost status Source of classification or shelving scheme Damaged status Not for loan Collection code Permanent Location Current Location Shelving location Date acquired Source of acquisition Cost, normal purchase price Total Checkouts Full call number Date last seen Copy number Koha item type
  Dewey Decimal Classification   Not For Loan Non-fiction Central Library, University of Rajshahi Central Library, University of Rajshahi Reading Room 29/08/1960 U.S.I.S 0.00   310.033816 STA 1959 24/06/2014 C-1 Books